[Event "Challenge"]
[Site "http://www.queenalice.com/game.php?id=229350"]
[Date "2007.6.23"]
[Round "-"]
[White "Tavares4"]
[Black "AndrioCatilio"]
[Result "1-0"]
[WhiteElo "1500"]
[BlackElo "1500"]

1. e4 d6 2. Nc3 Be6 3. Nf3 f6 4. Bb5+ c6 5. Ba4 b5 6. Bb3 d5 7. d3 b4 8. Na4 Qd7
9. Qe2 dxe4 10. Qxe4 Qd6 11. Bxe6 Nd7 12. Bf4 Nc5 13. Bxd6 Nxe4 14. dxe4 exd6
15. Rd1 Rd8 16. Nd4 c5 17. Nc6 Ra8 18. O-O Ne7 19. Rxd6 Nc8 20. Rd8# 1-0

[Event "AUTO-INT-504"]
[Site "http://www.queenalice.com/game.php?id=231049"]
[Date "2007.6.26"]
[Round "1"]
[White "holandes"]
[Black "Tavares4"]
[Result "1-0"]
[WhiteElo "1734"]
[BlackElo "1396"]

1. e4 e5 2. c3 Nc6 3. d4 g6 4. d5 Na5 5. b4 c5 6. bxa5 Nf6 7. f3 h5 8. Nd2 Qxa5
9. Bb2 b6 10. g3 h4 11. g4 g5 12. Nh3 Rg8 13. Qc2 b5 14. a4 Qb6 15. Bxb5 a6 16.
Bd3 Rb8 17. Nc4 Qb3 18. Rb1 Qb7 19. O-O Qc7 20. Qd2 a5 21. Ba3 Rb7 22. Nxg5 Bh6
23. f4 Nxg4 24. Be2 Nf6 25. Kh1 Nxe4 26. Nxe4 Bxf4 27. Qd3 Rg6 28. Ncd6+ Kd8 29.
Nxb7+ Bxb7 30. Bf3 f5 31. Nxc5 Ba8 32. Qxf5 Rg7 33. Qf8# 1-0

[Event "AUTO-INT-504"]
[Site "http://www.queenalice.com/game.php?id=231050"]
[Date "2007.6.26"]
[Round "1"]
[White "Tavares4"]
[Black "holandes"]
[Result "0-1"]
[WhiteElo "1396"]
[BlackElo "1710"]

1. e4 e5 2. Nf3 Nc6 3. b3 d6 4. Nc3 Be6 5. Ba3 a6 6. d3 Nf6 7. Ng5 Bg4 8. Be2
Bxe2 9. Qxe2 Nd4 10. Qe3 Nxc2+ 11. Kd2 Nxe3 12. fxe3 b5 13. Nd5 Nxd5 14. exd5
Qxg5 15. h4 Qxg2+ 16. Kc3 Rb8 17. e4 a5 18. b4 axb4+ 19. Bxb4 Rb6 20. Ba5 Ra6
21. Kb4 Qb2# 0-1

[Event "AUTO-INT-504"]
[Site "http://www.queenalice.com/game.php?id=231061"]
[Date "2007.6.26"]
[Round "1"]
[White "vininb"]
[Black "Tavares4"]
[Result "1-0"]
[WhiteElo "1381"]
[BlackElo "1700"]

1. e4 e5 2. Nf3 Nf6 3. Nc3 Bc5 4. Bc4 Nc6 5. d3 d6 6. Ng5 O-O 7. h3 Nh5 8. Qxh5
h6 9. Nxf7 Qf6 10. Nxh6+ Kh7 11. Nf5+ Qh6 12. Bxh6 Bxf5 13. Be3# 1-0

[Event "AUTO-INT-504"]
[Site "http://www.queenalice.com/game.php?id=231062"]
[Date "2007.6.26"]
[Round "1"]
[White "Tavares4"]
[Black "vininb"]
[Result "0-1"]
[WhiteElo "1460"]
[BlackElo "1394"]

1. e4 e5 2. Nf3 Nc6 3. Bc4 Nf6 4. d3 d5 5. Bb3 h6 6. Nc3 Be6 7. O-O a6 8. Ba4 b5
9. Bb3 Bc5 10. Be3 Qd6 11. a4 O-O 12. axb5 axb5 13. Nxb5 Qe7 14. c4 dxc4 15.
dxc4 Bxe3 16. fxe3 Qc5 17. Qd3 Rxa1 18. Rxa1 Rd8 19. Qc3 Nxe4 20. Qc1 Rd3 21.
Ra8+ Kh7 22. Nxc7 Rxe3 23. h3 Re1+ 24. Kh2 Rxc1 25. Nxe6 Qf2 26. Nf8+ Kh8 27. c5
Qg3# 0-1

[Event "AUTO-INT-504"]
[Site "http://www.queenalice.com/game.php?id=231069"]
[Date "2007.6.26"]
[Round "1"]
[White "Tavares4"]
[Black "IkeBroflovski"]
[Result "1-0"]
[WhiteElo "1344"]
[BlackElo "1526"]

1. e4 e6 2. d3 d5 3. Be3 d4 4. Bd2 e5 5. g4 c5 6. Nf3 Bxg4 7. h3 Bh5 8. Be2 Nc6
9. h4 Bd6 10. Na3 Nf6 11. Nc4 b5 12. Ncxe5 Nxe5 13. Rg1 Bxf3 14. Bxf3 g6 15. Qe2
h5 16. Rg5 Nxf3+ 17. Qxf3 Qe7 18. e5 Bxe5 19. Qxa8+ 1-0

[Event "AUTO-INT-504"]
[Site "http://www.queenalice.com/game.php?id=231070"]
[Date "2007.6.26"]
[Round "1"]
[White "IkeBroflovski"]
[Black "Tavares4"]
[Result "1-0"]
[WhiteElo "1686"]
[BlackElo "1396"]

1. Nf3 d5 2. d4 Nc6 3. c4 Nf6 4. e3 e6 5. Nc3 Bb4 6. Bd2 b6 7. cxd5 exd5 8. Bd3
a5 9. O-O O-O 10. a3 Bd6 11. Qc2 Qe7 12. Nb5 Bxh2+ 13. Nxh2 a4 14. Nf3 Qe6 15.
Nxc7 Qg4 16. Nxa8 h5 17. Nxb6 Nxd4 18. Nxd4 Qh4 19. Nxc8 g6 20. Ne7+ Kg7 21.
Ndf5+ gxf5 22. Nxf5+ Kg6 23. Nxh4+ Kg5 24. Be2 Ne4 25. Nf3+ Kf6 26. Bd3 Rh8 27.
Bxe4 dxe4 28. Qxe4 1-0

[Event "Challenge"]
[Site "http://www.queenalice.com/game.php?id=231825"]
[Date "2007.6.28"]
[Round "-"]
[White "manguana"]
[Black "Tavares4"]
[Result "0-1"]
[WhiteElo "1451"]
[BlackElo "1384"]

1. e4 e5 2. Bc4 Nf6 3. Nf3 Bc5 4. Ng5 O-O 5. f3 Nc6 6. Na3 a6 7. d3 Nd4 8. c3
Nc6 9. b4 b5 10. bxc5 bxc4 11. Nxc4 Qe7 12. O-O a5 13. f4 exf4 14. Bxf4 d6 15.
Rb1 Bg4 16. Qa4 Ne5 17. Nxa5 Nxd3 18. h3 Nxc5 19. Qa3 Bd7 20. Rb4 Nd3 21. Rb7
Bc8 22. Rb5 Nxe4 23. Rf5 Bxf5 24. Nc6 Qe8 25. Qb3 Qxc6 26. Qd1 Qc5+ 27. Kh2 Nf6
28. g4 Rxa2+ 29. Bd2 Qe5+ 30. Kg2 Be6 31. Re1 Bd5+ 32. Nf3 Qf4 33. Kf1 Qg3 34.
Qe2 Qxh3+ 35. Kg1 Qxg4+ 36. Kh2 Bxf3 37. Qxd3 Qg2# 0-1

[Event "Challenge"]
[Site "http://www.queenalice.com/game.php?id=234476"]
[Date "2007.7.4"]
[Round "-"]
[White "mogerio"]
[Black "Tavares4"]
[Result "0-1"]
[WhiteElo "1385"]
[BlackElo "1385"]

1. e4 e5 2. d4 d6 3. d5 Nf6 4. Nc3 Be7 5. Nf3 a5 6. Bd3 b6 7. O-O c6 8. Bg5 b5
9. Bf4 exf4 10. dxc6 Nxc6 11. e5 dxe5 12. Bxb5 Bb7 13. Qd3 Qxd3 14. Rfd1 Qxc2
15. Rdc1 Qf5 16. Rd1 O-O 17. Nh4 Qc2 18. Rac1 Qxb2 19. Rb1 Qxc3 20. Rdc1 Qd4 21.
Rd1 Qa7 22. Rdc1 Ng4 23. Bxc6 Qxf2+ 24. Kh1 Qxh4 25. Bxb7 Qxh2# 0-1

[Event "Challenge"]
[Site "http://www.queenalice.com/game.php?id=236716"]
[Date "2007.7.8"]
[Round "-"]
[White "Tavares4"]
[Black "rutger"]
[Result "0-1"]
[WhiteElo "1422"]
[BlackElo "1510"]

1. e4 e6 2. Nf3 d5 3. Nc3 Nf6 4. d3 Be7 5. b3 c5 6. Bf4 Qa5 7. Qd2 a6 8. Ne5 Bd6
9. a4 c4 10. bxc4 Bb4 11. Qd1 Bxc3+ 12. Ke2 Bxa1 13. Qxa1 dxe4 14. dxe4 Nxe4 15.
Qd4 Nc3+ 16. Kd3 Nxa4 17. Bd2 Qc5 18. Ke4 Nc6 19. Qxc5 Nxc5+ 20. Kf4 Bd7 21. Be2
f6 22. Bh5+ g6 23. Bf3 Nxe5 24. Bb4 Ncd3+ 25. cxd3 g5+ 26. Ke3 O-O-O 27. Rc1 Bc6
28. d4 g4 29. Be4 f5 30. Bd3 Ng6 31. c5 f4+ 32. Kd2 Rxd4 33. Bc3 Rxd3+ 34. Kxd3
Rd8+ 35. Ke2 Bxg2 36. Rg1 Bf3+ 37. Ke1 Rd1# 0-1

[Event "Challenge"]
[Site "http://www.queenalice.com/game.php?id=236718"]
[Date "2007.7.8"]
[Round "-"]
[White "rutger"]
[Black "Tavares4"]
[Result "1-0"]
[WhiteElo "1427"]
[BlackElo "1442"]

1. c4 e5 2. Nc3 d6 3. g3 Nf6 4. Bg2 Nc6 5. d3 Bf5 6. Nf3 a5 7. O-O b6 8. Nxe5
Nxe5 9. Bxa8 Qxa8 10. Qa4+ Bd7 11. Qb3 Bh3 12. Qa4+ Ned7 13. f3 Ng4 14. Nd5 Qd8
15. Re1 Be7 16. c5 dxc5 17. fxg4 Qa8 18. Qe4 c6 19. Qxe7# 1-0

[Event "Challenge"]
[Site "http://www.queenalice.com/game.php?id=245839"]
[Date "2007.7.26"]
[Round "-"]
[White "Tavares4"]
[Black "PedroNRF"]
[Result "0-1"]
[WhiteElo "1460"]
[BlackElo "1477"]

1. e4 Nc6 2. Bc4 Nf6 3. d3 Ne5 4. Bb3 d6 5. Nf3 e6 6. Nc3 Nxf3+ 7. Qxf3 e5 8.
Nd5 Bg4 9. Qg3 h5 10. Bg5 c6 11. Nxf6+ gxf6 12. Be3 d5 13. h3 Be6 14. f4 d4 15.
Bf2 Qa5+ 16. Kf1 Bxb3 17. cxb3 Qd2 18. Be1 Qxb2 19. Rd1 Qxa2 20. fxe5 Qxb3 21.
Rd2 Rh6 22. Rf2 Rg6 23. Qh4 Qxd3+ 24. Kg1 Qd1 0-1

[Event "Challenge"]
[Site "http://www.queenalice.com/game.php?id=249658"]
[Date "2007.8.2"]
[Round "-"]
[White "mogerio"]
[Black "Tavares4"]
[Result "0-1"]
[WhiteElo "1359"]
[BlackElo "1391"]

1. e4 e5 2. d4 d6 3. d5 Nf6 4. Nc3 Be7 5. Nce2 Nxe4 6. f3 Nc5 7. Ng3 b6 8. Bc4
c6 9. dxc6 Nxc6 10. f4 Ne6 11. Bxe6 Bxe6 12. fxe5 Nxe5 13. Nf3 b5 14. Nxe5 Qa5+
15. Bd2 b4 16. c3 Qxe5+ 17. Qe2 bxc3 18. Bxc3 Qg5 19. Bd2 Qg6 20. Qf3 O-O 21.
O-O a5 22. Rf2 a4 23. Raf1 Bxa2 24. h4 Rab8 25. Nh5 Rb3 26. Qxf7+ Rxf7 27. Nf4
Qf6 28. Nh5 Qxh4 29. g3 Qc4 30. Re1 g6 31. Nf4 Rxg3+ 32. Rg2 Qd4+ 33. Be3 Qb4
34. Rxg3 Qxe1+ 35. Kg2 Bh4 36. Rh3 Rb7 37. Bf2 Qxf2+ 38. Kh1 Rxb2 0-1

[Event "Challenge"]
[Site "http://www.queenalice.com/game.php?id=250331"]
[Date "2007.8.3"]
[Round "-"]
[White "plasticwindow"]
[Black "Tavares4"]
[Result "0-1"]
[WhiteElo "1475"]
[BlackElo "1417"]

1. e4 e5 2. Nf3 Nc6 3. d4 d5 4. Nc3 Bg4 5. Nxd5 Nf6 6. dxe5 Nxe4 7. Bb5 a6 8.
Bxc6+ bxc6 9. Ne3 Bh5 10. O-O Bc5 11. Qe2 Bb6 12. Nf5 Ng5 13. Nxg7+ Ke7 14.
Bxg5+ f6 15. exf6+ Kd7 16. Nxh5 Qe8 17. Ne5+ Kc8 18. f7 Qf8 19. Rad1 Kb7 20. Qf3
Qc5 21. Nd7 Qxg5 22. f8=Q Rhxf8 23. Nxf8 Re8 24. Nxh7 Qe5 25. h3 Qxb2 26. Nf4
Qxc2 27. Qh5 Rg8 28. Rfe1 Qxf2+ 29. Kh2 Qxf4+ 30. Kh1 Qf2 31. Rg1 a5 32. Qh6 Rd8
33. Rc1 Rd6 34. Qg5 Qxa2 35. Rgf1 a4 0-1

[Event "Challenge"]
[Site "http://www.queenalice.com/game.php?id=271131"]
[Date "2007.9.13"]
[Round "-"]
[White "Gloria"]
[Black "Tavares4"]
[Result "1-0"]
[WhiteElo "1710"]
[BlackElo "1463"]

1. e4 e5 2. f4 exf4 3. Nf3 Nf6 4. e5 Nd5 5. Nc3 c6 6. Nxd5 cxd5 7. d4 d6 8. Bxf4
Nc6 9. c3 Bf5 10. Qb3 Qa5 11. Qxb7 Qd8 12. Qxc6+ Ke7 13. exd6+ 1-0

[Event "Challenge"]
[Site "http://www.queenalice.com/game.php?id=283322"]
[Date "2007.10.9"]
[Round "-"]
[White "Tavares4"]
[Black "chvalentino"]
[Result "1-0"]
[WhiteElo "1446"]
[BlackElo "1493"]

1. e4 e5 2. Nf3 Qe7 3. Bc4 Nc6 4. Nc3 Nf6 5. Ng5 Qc5 6. Bxf7+ Ke7 7. Bb3 h6 8.
Na4 Qd4 9. c3 Qd6 10. Nf7 Rh7 11. Nxd6 h5 12. Nf5+ Kd8 13. Nc5 Bxc5 14. Qe2 g6
15. Qc4 gxf5 16. exf5 Na5 17. Qxc5 Rg7 18. Qxa5 Rxg2 19. Qxe5 Ng4 20. Qh8+ Ke7
21. Qg7+ Kd6 22. d4 Ne3 23. Qe5+ Kc6 24. Qc5# 1-0

[Event "Challenge"]
[Site "http://www.queenalice.com/game.php?id=283325"]
[Date "2007.10.9"]
[Round "-"]
[White "Tavares4"]
[Black "ishamael13"]
[Result "0-1"]
[WhiteElo "1472"]
[BlackElo "1693"]

1. e4 c5 2. Nf3 d6 3. Bc4 Nf6 4. Ng5 e6 5. d3 Be7 6. Nc3 h6 7. Nf3 O-O 8. a4 Nc6
9. a5 Nxa5 10. e5 Ng4 11. h3 Nxe5 12. Nxe5 dxe5 13. Bb5 a6 14. Ba4 Rb8 15. Qg4
f5 16. Qh5 b5 17. Bb3 Nxb3 18. cxb3 Bb7 19. f3 Qxd3 20. Qg6 Rf6 21. Qg3 f4 22.
Qf2 Rg6 23. g4 Bxf3 24. Rxa6 b4 25. Na4 Qd1# 0-1

[Event "Challenge"]
[Site "http://www.queenalice.com/game.php?id=283679"]
[Date "2007.10.9"]
[Round "-"]
[White "Tavares4"]
[Black "technicaldraw"]
[Result "0-1"]
[WhiteElo "1448"]
[BlackElo "1824"]

1. e4 e6 2. Nf3 d5 3. d3 dxe4 4. dxe4 Qxd1+ 5. Kxd1 Bc5 6. Be3 Bxe3 7. fxe3 Nf6
8. Bd3 Nc6 9. e5 Nd5 10. Re1 Bd7 11. e4 Nf4 12. Bf1 O-O-O 13. g3 Ng6 14. a4
Ncxe5 15. Nxe5 Nxe5 16. Nd2 Bc6 17. Re3 Rd4 18. c3 Rd6 19. a5 Rhd8 20. Ke1 Rxd2
21. a6 b6 22. Re2 Nd3+ 23. Kxd2 Nf4+ 24. Ke3 Nxe2 25. Bxe2 g6 26. b4 e5 27. Rf1
Rf8 28. Bc4 f5 29. h4 Bxe4 30. g4 Bg2 31. Rf2 f4+ 32. Ke2 f3+ 33. Ke3 Kd8 34.
Ke4 Rf4+ 35. Kxe5 Rxc4 36. Rd2+ Ke7 37. Kd5 Rxc3 38. Rd1 f2+ 39. Kd4 Rf3 40. Rc1
Kd6 41. b5 f1=Q 42. Rc6+ Kd7 43. Kd5 Rd3+ 44. Kc4 Bxc6 45. g5 Bxb5+ 46. Kxb5
Rd4# 0-1